<?xml version="1.0" encoding="UTF-8"?>
<marc:record xmlns:marc="http://www.loc.gov/MARC21/slim">
   <marc:leader>00000nam a2200000 a 4500</marc:leader>
   <marc:datafield ind1="1" ind2=" " tag="100">
      <marc:subfield code="a">Ljungqvist, Stefan</marc:subfield>
      <marc:subfield code="4">aut</marc:subfield>
      <marc:subfield code="e">Verfasser/-in</marc:subfield>
   </marc:datafield>
   <marc:datafield ind1=" " ind2=" " tag="653">
      <marc:subfield code="a">Softcover / Kinder- und Jugendbücher/Kinderbücher bis 11 Jahre</marc:subfield>
   </marc:datafield>
   <marc:datafield ind1="0" ind2="0" tag="245">
      <marc:subfield code="a">Monstergeheimnisse</marc:subfield>
   </marc:datafield>
   <marc:datafield ind1="0" ind2="0" tag="245">
      <marc:subfield code="c">Stefan Ljungqvist. Dt. von Dagmar Lendt</marc:subfield>
   </marc:datafield>
   <marc:datafield ind1=" " ind2="1" tag="264">
      <marc:subfield code="a">Köln</marc:subfield>
      <marc:subfield code="b">Schneider-Buch Egmont</marc:subfield>
      <marc:subfield code="c">2009</marc:subfield>
   </marc:datafield>
   <marc:datafield ind1="1" ind2=" " tag="520">
      <marc:subfield code="a">Angaben aus der Verlagsmeldung

Monstergeheimnisse, Band 02 : Das Versteck / von Stefan Ljungqvist

Die Flucht aus der Monsterbehörde ist in letzter Sekunde gelungen. Endlich sind Mira und Sylvester mit ihrem Onkel vereint. In Lupus’ Wohnwagen finden die beiden Unterschlupf. Aber bald geschehen dort seltsame Dinge. Sind die Agenten Vargas und Tempelman ihnen etwa auf der Spur? Als Sylvesters lebenswichtige Medizin auf mysteriöse Weise vernichtet wird, muss Mira eine Entscheidung treffen. Eine Entscheidung, die ihre ganze Zukunft verändern kann. Ohne es zu ahnen, begibt sich Mira in große Gefahr ...
</marc:subfield>
   </marc:datafield>
   <marc:datafield ind1=" " ind2=" " tag="020">
      <marc:subfield code="a">9783505125461</marc:subfield>
      <marc:subfield code="9">9783505125461</marc:subfield>
   </marc:datafield>
   <marc:datafield ind1=" " ind2=" " tag="041">
      <marc:subfield code="a">ger</marc:subfield>
   </marc:datafield>
   <marc:datafield ind1=" " ind2=" " tag="300">
      <marc:subfield code="a">164 S.</marc:subfield>
   </marc:datafield>
</marc:record>
